000
00206 a2200097 4500
001
48538
100
_a
Simpson, A.R.B
245
_a
The British isles
260
_a
London
_b
G Bell
_c
090
_c
31470
_d
31470
942
_a
NUST-CAE
_c
M
_c
23859
999
_c
283611
_d
283611